Kymenlaakson naapurikunnat - Statistics

Yleistilastot
  • Tätä visaa on pelattu 12 kertaa
  • Keskiarvotulos 5 / 8
Vastaustilastot
Kunta % Oikein
Luumäki
100%
Loviisa
86%
Iitti
71%
Lappeenranta
71%
Mäntyharju
71%
Savitaipale
57%
Heinola
29%
Lapinjärvi
29%
Ehtoja vastaavia visoja ei löytynyt
Tulosjakauma
Jokaisen tuloksen saaneiden osuus
Persentiili vastausten määrän mukaan
Tuloshistoriasi
Et ole pelannut tätä visaa